| 000 | 01785nam a22002537a 4500 | ||
|---|---|---|---|
| 999 |
_c60183 _d60183 |
||
| 003 | Ge_BSU | ||
| 005 | 20230615152250.0 | ||
| 008 | 230615s2015 ge ||||| |||| 00| 0 geo d | ||
| 020 | _a9789941224836 | ||
| 041 | _ageo | ||
| 080 | _a39(=352.2) თ-77 | ||
| 100 |
_aთოფჩიშვილი, რ. _918739 |
||
| 245 |
_aაფხაზურ-ადიღეური ეთნიკური ერთობების ეთნოგენეზის შესახებ / _cროლანდ თოფჩიშვილი; რედ. სალომე ბახია-ოქრუაშვილი; ივანე ჯავახიშვილის სახ. თბილ. სახელმწ. უნ-ტი, ჰუმანიტ. მეცნ. ფაკ-ტი, ეთნოლოგიის სასწ.-სამეცნ. ინ-ტი. |
||
| 264 |
_aთბილისი : _bუნივერსალი, _c2015. |
||
| 300 |
_a100 გვ. ; _b20 სმ. |
||
| 500 | _aგარეკანზე: ჩერქეზები ეროვნულ სამოსში, XVIII-XIX საუკუნის დასაწყისი. | ||
| 504 | _aბიბლიოგრ. ტექსტის შენიშვნებში. | ||
| 520 | _aრეზ. ინგლ. და რუს. | ||
| 653 | _aაფხაზური ეთნოგენეზი. | ||
| 653 | _aადიღეური ეთნოგენეზი | ||
| 700 |
_aბახია-ოქრუაშვილი, ს. (სალომე) _eრედაქტორი _918740 |
||
| 710 |
_aთსუ. _bჰუმანიტ. მეცნ. ფაკ-ტი. ეთნოლოგიის სასწ.-სამეცნ. ინ-ტი. _918741 |
||
| 942 |
_2udc _cBK |
||